| 000 | 01238nam a2200181 a 4500 | ||
|---|---|---|---|
| 001 | 000038335 | ||
| 005 | 20241030141145.0 | ||
| 008 | 130409s2007 dr ac 000 0 spa d | ||
| 020 | _a9789993467380 | ||
| 100 | 1 |
_aBobea Billini, Mario _964696 |
|
| 245 | 1 | 0 |
_aMario Bobea Billini : _bforjador de sueños / _cMario Bobea Billini ; editoras María Ugarte, Monteserrat Prats. |
| 260 |
_aSanto Domingo : _bAmigos del Hogar, _c2007. |
||
| 300 |
_a423 p. : _bil., retrs. |
||
| 505 | 0 |
_tPresentación -- _tNota preliminar -- _tMARIO BOBEA BILLINI "hizo todo lo que le gustaba" -- _tHizo todo lo que le gustaba 19 textos de Don Mario Una charla : los nuevos -- _tDos poemas -- _tColumnas de la nación -- _tSelección 1952 -- _tArtículos publicados en el periódico El Caribe. Selección 1980 -- _tArtículos de la revista "Ahora" selección -- _tCartas a Inmaculada. Selección -- _tArtículos del suplemento agropecuario. Selección 1983-1996 -- _tNotas necrológicas -- _tIn MEMORIAM. Editoriales y artículos-- _tEditoriales -- _tArtículos -- _tVARIOS -- _tCronología -- Índice onomástico -- _tÍndice de nombre comunes botatánicos -- |
|
| 700 | 1 |
_aUgarte, María _d1914-2011 _eed. _924078 |
|
| 700 | 1 |
_aFrats, Monteserrat _eed. _964697 |
|
| 999 |
_c37825 _d37825 |
||
| 040 | _aDO-SdBNP | ||